FUNCTIONAL ANALYSIS (Record no. 10012)
[ view plain ]
| 000 -LEADER | |
|---|---|
| fixed length control field | 00289nam a22001337a 4500 |
| 082 ## - DEWEY DECIMAL CLASSIFICATION NUMBER | |
| Classification number | 510,SHU |
| 100 ## - MAIN ENTRY--PERSONAL NAME | |
| Personal name | SHUKLA,S.L |
| 245 ## - TITLE STATEMENT | |
| Title | FUNCTIONAL ANALYSIS |
| 250 ## - EDITION STATEMENT | |
| Edition statement | 11TH |
| 260 ## - PUBLICATION, DISTRIBUTION, ETC. (IMPRINT) | |
| Place of publication, distribution, etc | MEERUT |
| Name of publisher, distributor, etc | PRAGATI PRAKASHAN |
| Year of Publication | 2016 |
| 300 ## - PAGE DESCRIPTION | |
| No. of Pages | 252 |
| 650 ## - SUBJECT ADDED ENTRY--TOPICAL TERM | |
| Topical term or geographic name as entry element | MATHEMATICS |
| 942 ## - ADDED ENTRY ELEMENTS (KOHA) | |
| Source of classification or shelving scheme | Dewey Decimal Classification |
| Koha item type | FPS Books |
| 942 ## - ADDED ENTRY ELEMENTS (KOHA) | |
| -- | 10 |
| Withdrawn status | Lost status | Source of classification or shelving scheme | Damaged status | Not for loan | Collection code | Home library | Current library | Shelving location | Date acquired | Vendor Name | Cost, normal purchase price | SGTU | Bill Number | Total Checkouts | Full call number | Accession No. (Barcode) | Date last seen | Date last borrowed | Bill Date | Koha item type |
|---|---|---|---|---|---|---|---|---|---|---|---|---|---|---|---|---|---|---|---|---|
| Dewey Decimal Classification | SCIENCE | SGT Science & Social Sciences Library | SGT Science & Social Sciences Library | Text Book | 24/11/2016 | PRAGATI PRAKASHAN | 195.00 | SGTU | 7099 | 3 | 510,SHU | PS2732 | 22/03/2024 | 14/03/2024 | 26/09/2016 | FPS Books | ||||
| Dewey Decimal Classification | SCIENCE | SGT Science & Social Sciences Library | SGT Science & Social Sciences Library | Text Book | 24/11/2016 | PRAGATI PRAKASHAN | 195.00 | SGTU | 7099 | 4 | 510,SHU | PS2733 | 22/05/2024 | 22/05/2024 | 26/09/2016 | FPS Books | ||||
| Dewey Decimal Classification | SCIENCE | SGT Science & Social Sciences Library | SGT Science & Social Sciences Library | Text Book | 24/11/2016 | PRAGATI PRAKASHAN | 195.00 | SGTU | 7099 | 7 | 510,SHU | PS2734 | 29/03/2024 | 14/03/2024 | 26/09/2016 | FPS Books |